Příruční slovník naučný

Enregistré dans:
Détails bibliographiques
Format: Livre
Langue:tchèque
Publié: Praha Academia 1967
Tags: Ajouter un tag
Pas de tags, Soyez le premier à ajouter un tag!

MARC

LEADER 00000nam a2200000 4500
001 c122656
005 20251029073616.1
041 0 |a cze 
044 |a CZ 
245 1 0 |a Příruční slovník naučný  |c Red. Vladimír Procházka 
264 1 |a Praha  |b Academia  |c 1967 
300 |a 933 s.